banner koha

Aspectos biológicos dos estádios imaturos de Chrysoperla externa (Hagen)e Ceraeochrysa cincta (Schineider)(Neuroptera: Chrysopidae)alimentados com ovos e ninfas de Bemisia tabaci (Gennadius)biótipo B (Hemiptera: Aleyrodidae) (Registro n. 169723)

MARC details
000 -LÍDER
campo de controle de tamanho fixo 01024nas a2200301 4500
001 - NÚMERO DE CONTROLE
campo de controle BR0201828
003 - IDENTIFICADOR DO NÚMERO DE CONTROLE
campo de controle BR-BrBNA
005 - DATA E HORÁRIO DA ÚLTIMA TRANSAÇÃO
campo de controle 20231205102844.0
007 - CAMPO FIXO DE DESCRIÇÃO FÍSICA--INFORMAÇÃO GERAL
campo de controle de tamanho fixo ta
008 - CAMPO DE DADOS FIXOS--INFORMAÇÃO GERAL
campo de controle de tamanho fixo 230509b bl.|||p| |||| 00| 00por d
040 ## - FONTE DA CATALOGAÇÃO
Instituição da catalogação original BR-BrBNA
Idioma da catalogação por
Instituição que transcreveu o registro Biblioteca Nacional de Agricultura
041 ## - CÓDIGO DE IDIOMA
Código do idioma do texto/trilha sonora ou título diferente (Pt)
072 ## - CÓDIGO DE CATEGORIA DE ASSUNTO
Código de Categoria de Assunto H10; H20
100 1# - ENTRADA PRINCIPAL--NOME PESSOAL
Nome pessoal Auad, A.M.
100 1# - ENTRADA PRINCIPAL--NOME PESSOAL
Nome pessoal Toscano, L.C.
100 1# - ENTRADA PRINCIPAL--NOME PESSOAL
Nome pessoal Boiça Júnior, A.L.
100 1# - ENTRADA PRINCIPAL--NOME PESSOAL
Nome pessoal Freitas, S. de
245 1# - TÍTULO
Título Aspectos biológicos dos estádios imaturos de Chrysoperla externa (Hagen)e Ceraeochrysa cincta (Schineider)(Neuroptera: Chrysopidae)alimentados com ovos e ninfas de Bemisia tabaci (Gennadius)biótipo B (Hemiptera: Aleyrodidae)
650 ## - ASSUNTO--TERMO TÓPICO
Cabeçalho tópico ou nome geográfico INSETO
650 ## - ASSUNTO--TERMO TÓPICO
Cabeçalho tópico ou nome geográfico MOSCA BRANCA
650 ## - ASSUNTO--TERMO TÓPICO
Cabeçalho tópico ou nome geográfico PRAGA DE PLANTA
650 ## - ASSUNTO--TERMO TÓPICO
Cabeçalho tópico ou nome geográfico VETOR
650 ## - ASSUNTO--TERMO TÓPICO
Cabeçalho tópico ou nome geográfico VÍRUS
650 ## - ASSUNTO--TERMO TÓPICO
Cabeçalho tópico ou nome geográfico CONTROLE BIOLÓGICO
773 0# - ENTRADA ANALÍTICA
Título Neotropical Entomology (Brazil)
ISSN - International Standard Serial Number ISSN 1519-566X
Partes relacionadas (Sep 2001), v. 30(3) p. 429-432
Número de controle do registro BR0201828
909 ## -
-- 202311
-- Lúcia
-- 55
-- Lúcia Elande
942 ## - ELEMENTOS DE ENTRADA ADICIONADOS (KOHA)
Fonte da classificação ou esquema de arquivamento na estante Classificação AGRIS
Ocultar no OPAC Não
Tipo de material Koha Analítica
Exemplares
Situação do descarte Fonte da classificação ou esquema de arquivamento na estante Situação física Não pode ser emprestado Biblioteca de origem Biblioteca atual Localização na estante Enumeração do periódico / cronologia Total de empréstimos Data de último acesso Número do exemplar Tipo de material Koha Fonte de aquisição
  Classificação AGRIS   Consulta local Biblioteca Nacional de Agricultura - Binagri Biblioteca Nacional de Agricultura - Binagri   (Sep 2001), v. 30(3) p. 429-432   29/11/2023 01 Periódicos Portaria Interministerial nº 164/94

BINAGRI

Telefone: (61)3218-2567/2388/3357/2097 - binagri@agro.gov.br

Ministério da Agricultura e Pecuária , Esplanada dos Ministérios, Bloco D, Anexo B, Brasília/DF, CEP: 70.043-900